Initialed People AA to AZ Quiz Stats

 Plays Quiz Updated Dec 26, 2018

Challenge
Share
Tweet
Embed
Score 0/26 Timer 07:00
0 Plays Today
Initials Name % Correct
AJAngelina Jolie
92.2%
AEAlbert Einstein
89.9%
ABAlexander Graham Bell
86.9%
APAl Pacino
82%
AYAl Yankovic
75.2%
AWAndy Warhol
74.7%
ALAvril Lavigne
71.5%
AAAlan Alda
67.5%
ASArnold Schwarzenegger
65.2%
ARAl Roker
62.1%
ANAlfred Nobel
56.3%
AIAllen Iverson
53.5%
ACAnderson Cooper
52.3%
Initials Name % Correct
AFAnna Faris
49.7%
AVAmerigo Vespucci
49.1%
AKAlicia Keys
49%
AMAlyssa Milano
48.9%
AGAndy Garcia
39.7%
AOAlexander Ovechkin
39.6%
ATAmy Tan
38.7%
AHAlyson Hannigan
37.6%
AQAnthony Quinn
32.3%
AUAl Unser Jr.
30.6%
ADAngie Dickinson
21%
AZAdrian Zmed
9.4%
AXAbel Xavier
4.9%

You're not logged in!

Compare scores with friends on all Sporcle quizzes.
OR
Log In

You Might Also Like...

Show Comments

Extras

Top Quizzes Today


Score Distribution

Your Account Isn't Verified!

In order to create a playlist on Sporcle, you need to verify the email address you used during registration. Go to your Sporcle Settings to finish the process.

Report this User

Report this user for behavior that violates our Community Guidelines.

Details: